|
|
|
|
| LEADER |
01255nam a2200313 a 4500 |
| 001 |
36205 |
| 003 |
BD-DhAAL |
| 005 |
20211130144204.0 |
| 008 |
191031r20041991ii a b 001 0 eng d |
| 999 |
|
|
|c 41701
|d 41701
|
| 010 |
|
|
|a 91904260
|
| 020 |
|
|
|a 8120712382 :
|c Rs275.00
|
| 040 |
|
|
|a DLC
|c DLC
|d DLC
|d BD-DhAAL
|
| 050 |
0 |
0 |
|a PE1068.I4
|b B37 1991
|
| 082 |
0 |
0 |
|a 420.7054
|2 20
|
| 100 |
1 |
|
|a Baruah, T. C.
|9 36614
|
| 245 |
1 |
4 |
|a The English teacher's handbook /
|c T.C. Baruah.
|
| 250 |
|
|
|a Third revised edition
|
| 260 |
|
|
|a New Delhi :
|b Sterling Publishers,
|c 1991.
|
| 300 |
|
|
|a xiv, 329 pages :
|b illustrations ;
|c 22 cm.
|
| 500 |
|
|
|a Includes index.
|
| 504 |
|
|
|a Includes bibliographical references (pages 318-319).
|
| 526 |
|
|
|a BIED
|
| 541 |
|
|
|a Complimentary copy from BIED
|e 36205
|
| 650 |
|
0 |
|a English language
|x Study and teaching
|z India.
|9 36615
|
| 650 |
|
0 |
|a English language
|x Study and teaching
|x Indic speakers.
|9 36616
|
| 852 |
|
|
|a Ayesha Abed Library
|c BIED Collection
|
| 942 |
|
|
|2 ddc
|c BK
|
| 952 |
|
|
|0 0
|1 0
|2 ddc
|4 0
|6 420_705400000000000_BAR
|7 0
|9 66955
|a BRACUL
|b BRACUL
|c GEN
|d 2019-10-31
|e Complimentary copy from BIED
|l 1
|m 16
|o 420.7054 BAR
|p 3010036205
|q 2026-06-02
|r 2026-01-20
|s 2026-01-20
|t 1
|w 2019-10-31
|y BK
|x Transferred from BIED to General Stacks
|